000
00195nam a22000977a 4500
082
_a
823
_b
DAV/R
100
_a
HORSBURG, DAVID
245
_a
RAMAYANA
260
_a
CALCUTTA
_b
OXFORD
_c
1975
942
_c
BK
999
_c
7320
_d
7320